Quiz about Eminem - Statistics

General Stats
  • This quiz has been taken 105 times
  • The average score is 17 of 32
Answer Stats
Hint Answer % Correct
Eminem's real name Marshall Mathers
98%
City where Eminem became famous Detroit
97%
Film about Eminem's life 8 mile
95%
Most important artist in Eminem's career Dr Dre
88%
Eminem's other name Slim Shady
88%
Song Eminem wrote for the above Lose Yourself
87%
Song with Rihanna Love the way you lie
86%
Eminem's ex-wife Kimberly Anne Scott
80%
In what year was Eminem born 1972
78%
What coloured hair did Eminem have until recently Blonde
74%
Name of Eminem's character in the above Jimmy B Rabbit
73%
Another song with Rihanna The Monster
70%
Song with Ed Sheeran River
66%
Album with the above song Revival
53%
Song with Elton John Stan
53%
Eminem's first album Infinite
52%
Eminem's newest album Kamikaze
52%
Song with the above and Skylar Grey I need a doctor
47%
Eminem's daughter Hailie Jade
42%
Song with Lil Wayne No love
37%
Song with Beyonce Walk on water
36%
Eminem singing about his name My name is
34%
" Alaina Marie Mathers
30%
Where was Eminem born? Saint Joseph
28%
Song with Jay Z Renegade
27%
Will the real " please stand up? The Real Slim Shady
27%
" Whitney Scott Mathers
23%
Song with Gwen Stefani Kings never die
20%
Song with Sia Beautiful Pain
17%
Song with 50 Cent Patiently waiting
14%
Singer Eminem is supposedly dating Nicki Minaj
13%
Song with the above Roman's Revenge
5%
No matching quizzes found
Score Distribution
Percent of People with Each Score
Percentile by Number Answered
Your Score History
You have not taken this quiz